000 00552nam a2200229 a 4500
001 nice12345678
003 IN_TiNIC
005 20260116013746.0
008 050524s1998 newa grp 000 0 eng
020 _a
_c35
082 0 0 _a297.2
_bKIT
100 _a,
245 _aKitaab-Ul-Iman
_b the Book of Islamic Faith.
260 _aNew Delhi
_bIslamic Book Service
_c1998
300 _a99p
500 _aincludes index and biblioraphy
505 2 _aIndex of proper names
700 1 _a,
902 _bSRS
942 _cBK
999 _c12340
_d12340